| 000 | 00967nam a2200277 a 4500 | ||
|---|---|---|---|
| 001 | 59068 | ||
| 003 | BD-RjUL | ||
| 005 | 20211209080705.0 | ||
| 008 | 810107s1981 txu 001 0 eng | ||
| 020 | _a0256024189 | ||
| 035 | _a(BD-RjUL)59192 | ||
| 040 |
_aDLC _cDLC _dDLC _beng |
||
| 041 | _aeng | ||
| 082 | 0 | 0 |
_a657.30973 _bBEF 1981 |
| 100 | 1 |
_aBerney, Paul R. _9175668 |
|
| 245 | 1 | 0 |
_aFinancial accounting and reporting : _btext and cases / _cPaul R. Berney, William P. Lyons, Stanley J. Garstka. |
| 260 |
_aDallas, Tex. : _bBusiness Publications ; _aGeorgetown, Ont. : _bIrwin-Dorsey, _c1981. |
||
| 300 |
_axv, 552 p. ; _c24 cm. |
||
| 500 | _aIncludes index. | ||
| 650 | 0 |
_aFinancial statements _zUnited States. _9175669 |
|
| 650 | 0 |
_aFinancial statements _zUnited States _xCase studies. _9175670 |
|
| 700 | 1 |
_aLyons, William P., _ejoint author. _9175671 |
|
| 700 | 1 |
_aGarstka, Stanley J., _ejoint author. _9175672 |
|
| 942 |
_2ddc _cBK |
||
| 999 |
_c59068 _d59068 |
||